00492 2200193 4500001002100000005001800021008004100039035002400080090002000104100001400124245002200138250000600160260006300166300001900229650001400248700000600262850001500268999001500283YOGYA-0211000000267420110208091912835 ind  0010-021100000002674 aDEP 658.8 Rad P aRADIOSUNU aPolitik pemasaran a- aYogyakartabFakultas Ekonomi Universitas Gadjah Madac1980 a74 hlm.; 21cm. aPemasaran a- aYOPDYOG[B] a1980000194